| 000 | 00849nam a2200229 a 4500 | ||
|---|---|---|---|
| 001 | 000010284 | ||
| 005 | 20240412074216.0 | ||
| 008 | 091006s1982 dr c r 001 0 spa d | ||
| 040 |
_aDO-SdBNP _bspa _cBNPHU |
||
| 082 |
_aRD861.44 _bM524L |
||
| 100 | 1 |
_aMella, E. E. Eusebio, _d1892- _925300 |
|
| 245 | 1 | 0 |
_aLluvia romántica / _cE. E. Eusebio Mella ; prólogo Manuel de Lovelace Báez. |
| 260 |
_aSanto Domingo : _bITESA, _c1982. |
||
| 300 |
_a57 p. : _bretr. ; _c21 cm. |
||
| 590 | _aLa biblioteca posee dos ejemplares autografiados por el autor. | ||
| 590 | _aInventariado, 2018/BT | ||
| 650 | 0 |
_aPoesía dominicana _966 |
|
| 650 | 0 |
_aLiteratura dominicana. _967 |
|
| 700 | 1 |
_aLovelace Báez, Manuel de, _epról. _925301 |
|
| 710 | 2 |
_aInstituto Técnico Salesiano (República Dominicana) _924324 |
|
| 910 | _aValidado. Control de calidad. MMOLINA | ||
| 999 |
_c10043 _d10043 |
||